000 00650nam a2200193 a 4500
001 000040160
005 20201002033944.0
008 130812s1975 sp 000 0 spa d
020 _a8422008262
040 _aDO-SdBNP
_bspa
_cBNPHU
245 0 0 _aMarxismo y democracia :
_benciclopedia de conceptos básicos /
_ccolaboración internacional dirigida por C. D. Kernig.
260 _aMadrid :
_bEdiciones Rioduero,
_c1975.
300 _a146 p. ;
_c21 cm.
490 1 _aSociología
_v3
505 0 _gv. 3 :
_tInteligencia - seguridad social
546 _aMarxismus im systemvergleich
700 1 _aKernig, C. D.
_966433
830 0 _aSociología
_v3
_933282
999 _c39650
_d39650